MARC
| LEADER | 00000nam a2200000Ia 4500 | ||
|---|---|---|---|
| 008 | 170316s9999 xx 000 0 und d | ||
| 040 | |a cru BVZT | ||
| 090 | |a C-840 B-5L | ||
| 100 | |a Blanchet, André |9 1310 | ||
| 245 | |a La litterature et le spirituel | ||
| 260 | |a París, Francia | ||
| 260 | |b Montaigne | ||
| 260 | |c 1959 | ||
| 300 | |a 323 páginas | ||
| 650 | |a LITERATURA FRANCESA |9 109 | ||
| 650 | |a CRÍTICA |9 583 | ||
| 999 | |c 12950 |d 12950 | ||
| 942 | |c 15 D |h C-840 B-5L |2 z | ||
